Nové trendy v tvorbe verejných rozpočtov diplomová práca

Uložené v:
Podrobná bibliografia
Hlavný autor: Janček, Marek
Korporativný autor: Národohospodárska fakulta EU. Katedra financií
Ďalší autori: Baláži, Peter
Médium: Kniha
Jazyk:Slovak
Vydavateľské údaje: Bratislava 2012
Tagy: Pridať tag
Žiadne tagy, Buďte prvý, kto otaguje tento záznam!

MARC

LEADER 00000nbm a2200000 4500
001 0152242
005 20161109102022.0
041 0 |a slo 
044 |a SK 
245 1 0 |a Nové trendy v tvorbe verejných rozpočtov  |b diplomová práca  |c Marek Janček ; školiteľ: Peter Baláži 
264 1 |a Bratislava  |c 2012 
300 |a 101 s. 
100 1 |a Janček, Marek 
700 1 |a Baláži, Peter 
710 2 |a Národohospodárska fakulta EU. Katedra financií